| 000 | 00352nam a22001337a 4500 | ||
|---|---|---|---|
| 005 | 20251008110848.0 | ||
| 008 | 251008b |||||||| |||| 00| 0 eng d | ||
| 020 | _a978-93-5269-116-6 | ||
| 082 | _aLC | ||
| 100 |
_aDr. Jain Suchi _d2019 |
||
| 245 |
_aOperating System _b/operating system _c/Dr.Suchi Jain |
||
| 260 |
_aindia _bRandom _c2019 |
||
| 942 |
_2ddc _cBK _n0 |
||
| 999 |
_c92 _d92 |
||